00579nam a2200181Ia 450000500170000000800410001702000100005804000190006804100120008708200130009910000190011224500970013126000500022830000320027850400190031065000580032985000100038720230628111220.0131103s9999 xx 000 0 und d cRs.30 aLoreto College aEnglish a942bTRE aTrevelyan,G.M. aEnglish social historyb a survey of six centuries Chaucer to Queen Victoria cG.M.Trevelyan aBombaybOrient Longmansc1944 (1970 printing) axii,628 p.b ill.,dia.,maps aIncludes index aEngland - History,since 6th century to Queen Victoria aLCLIB